| 000 | 02119cam a2200541Ii 4500 | ||
|---|---|---|---|
| 001 | sjds837848 | ||
| 003 | sjds | ||
| 005 | 20160913135209.0 | ||
| 008 | 160321t20162016scua j 000 1 spa d | ||
| 020 |
_a9781628557442 _q(pbk.) |
||
| 020 |
_a1628557443 _q(pbk.) |
||
| 035 | _a(OCoLC)945197136 | ||
| 035 | _a824316 | ||
| 035 | _a(OCoLC)ocn945197136 | ||
| 035 | _a824316 | ||
| 040 |
_aGO8 _erda _cGO8 _dOCLCO _dOCLCF _dIFA |
||
| 041 | 1 |
_aspa _heng |
|
| 049 | _aIFAA | ||
| 099 | _f2016 | ||
| 999 |
_c16197 _d16197 |
||
| 999 | _bESPANOL PICTURE BOOKS CRAIG 2016 | ||
| 100 | 1 |
_aCraig, Sherryn, _eauthor. |
|
| 240 | 1 | 0 |
_aMidnight madness at the zoo. _lSpanish |
| 245 | 1 | 0 |
_aLocura de medianoche / _cpor Sherryn Craig ; ilustrado por Karen Jones ; traducido por Rosalyna Toth en colaboración con Federico Kaiser. |
| 260 |
_aMt. Pleasant, SC : _bArbordale Publishing, _c[2016] |
||
| 264 | 1 |
_aMt. Pleasant, SC : _bArbordale Publishing, _c[2016] |
|
| 264 | 4 | _cc2016 | |
| 300 |
_a32 unnumbered pages : _bcolor illustrations ; _c25 cm |
||
| 336 |
_atext _btxt _2rdacontent |
||
| 336 |
_astill image _bsti _2rdacontent |
||
| 337 |
_aunmediated _bn _2rdamedia |
||
| 338 |
_avolume _bnc _2rdacarrier |
||
| 500 | _aTítulo original: Midnight madness at the zoo. | ||
| 520 | _aEntre el tiempo en que la gente sale del zoológico y el cuidador de animales circula, los animales salen para un partido de baloncesto. | ||
| 520 | _aBetween the time the crowds leave the zoo and the zookeeper makes her rounds, the animals come out for a rousing game of basketball. | ||
| 546 | _aText in Spanish. Texto en español. | ||
| 650 | 0 | _aStories in rhyme. | |
| 650 | 0 |
_aZoo animals _vJuvenile fiction. |
|
| 650 | 0 | _aBasketball stories. | |
| 650 | 0 |
_aZoos _vJuvenile fiction. |
|
| 650 | 7 |
_aCuentos en rima _vNovela juvenil. _2bidex |
|
| 650 | 7 |
_aAnimales zoológicos _vNovela juvenil. _2bidex |
|
| 650 | 7 |
_aBaloncesto _vNovela juvenil. _2bidex |
|
| 650 | 7 |
_aZoológicos _vNovela juvenil. _2bidex |
|
| 700 | 1 |
_aJones, Karen, _d1961- _eillustrator. |
|
| 700 | 1 |
_aToth, Rosalyna, _etranslator. |
|
| 700 | 1 |
_aKaiser, Federico, _etranslator. |
|
| 942 | _cBK | ||